[Event "North Island-ch"]
[Site "Wellington"]
[Date "2021.04.05"]
[Round "8"]
[White "Scott, David1111"]
[Black "Laking, Robert"]
[Result "1/2-1/2"]
[WhiteElo "1477"]
[BlackElo "1862"]
[PlyCount "33"]
[EventDate "2021.04.02"]
[EventType "swiss"]
[EventRounds "8"]
[EventCountry "NZL"]
[SourceTitle "EXT 2024"]
[Source "ChessBase"]
[SourceDate "2023.10.10"]
[SourceVersion "1"]
[SourceVersionDate "2023.10.10"]
[SourceQuality "1"]

1. d4 Nf6 2. Bf4 e6 3. e3 c5 4. c3 d5 5. Bd3 Nc6 6. Nd2 Bd6 7. Bg3 e5 8. dxe5 Nxe5 9. Bc2 0-0 10. Ngf3 Nxf3+ 11. Nxf3 Bxg3 12. hxg3 Ne4 13. Bxe4 dxe4 14. Qxd8 Rxd8 15. Nd2 f5 16. Nb3 b6 17. Rd1 1/2-1/2

[Event "NZL-ch Major op"]
[Site "Auckland"]
[Date "2019.01.14"]
[Round "1"]
[White "Laking, Robert"]
[Black "Burrows, Grant L"]
[Result "1-0"]
[WhiteElo "1948"]
[BlackElo "1481"]
[PlyCount "27"]
[EventDate "2019.01.14"]
[EventType "swiss"]
[EventRounds "9"]
[EventCountry "NZL"]
[SourceTitle "CBM 189 Extra"]
[Source "ChessBase"]
[SourceDate "2019.06.03"]
[SourceVersion "1"]
[SourceVersionDate "2019.06.03"]
[SourceQuality "1"]

1. d4 d5 2. c4 dxc4 3. Nc3 e5 4. d5 c6 5. e4 b5 6. Nf3 b4 7. Ne2 Bd6 8. Ng3 cxd5 9. Qxd5 Ne7 10. Qxa8 Qc7 11. Be3 Nbc6 12. Rc1 0-0 13. Bxc4 Bb7 14. Bxf7+ 1-0